00579nam a2200157Ia 4500008004000000082001600040100001800056245002700074260008200101300000700183650002000190690001700210906001100227999001900238952016400257210210b1993 xxu||||| |||| 00| 0 eng d a369.43 MISO aMISHRA (R S). aOur scouts and guides. aNew Delhi.bPublication Division Ministry of Information & Broadcastingc1993 a60 aScouts Guides  aAssociations a057938 c105011d105011 001040708Social WorkaALbALcSocial Workd2021-02-17eAthree Book Centre, Mangalore-01.g14.00l0o369.43 MISOp057938r2021-02-17 00:00:00w2021-02-17yBK